000 00640nam a22002417a 4500
001 34272
003 UA-OsUOA
005 20210802103917.0
007 ta
008 20050927b un ||||| |||| 00| 0 ukr d
040 _aUA-OsUOA
_brus
_cUA-OsUOA
_dUA-OsUOA
041 _arus
080 _a821.133.1
090 _a821.133.1
_bР67
100 _aРоллан Р.
245 _aСобрание сочинений в девяти томах
260 _aМ.
_bПравда
_c1983
300 _a448 с.
505 _gТ.2
650 7 _a82 Література. Літературознавство
_2UDC
942 _cBK
_2udc
955 _a3
999 _c320713
_d320713